Učitavanje...

Buddha aur buddha dharma

Bibliografski detalji
Glavni autor: Chanchreek K L
Daljnji autori: Kanyeyalal Chanchreek
Format: Printed Book
Izdano: New Delhi University Publications 2013
Teme:
LEADER 00690nam a22002171a 4500
020 |a 9788175553088  |c 0.00 
040 |a SSUS - Library - Kalady 
082 |a H 294.342  |b KAN/B 
100 |a Chanchreek K L 
245 |a Buddha aur buddha dharma  |h [Text] 
260 |a New Delhi  |b University Publications  |c 2013 
300 |a 272p. 
600 |a Religion 
600 |a Buddha 
600 |a Buddhism 
600 |a Dharma Buddhism 
700 |a Kanyeyalal Chanchreek 
852 |h H 294.342  |i KAN/B  |p 072951  |9 1000.00  |t 0 
942 |c BK 
999 |c 6171  |d 6171 
952 |0 0  |1 0  |4 0  |6 H_294_342000000000000_KAN_B  |7 0  |9 9446  |a SSUS  |b SSUS  |d 2015-01-08  |g 1000.00  |o H 294.342 KAN/B  |p 072951  |r 2015-01-08  |v 0.00  |w 2015-01-08  |y BK